| 000 | 00802nmm a2200253 a 4500 | ||
|---|---|---|---|
| 001 | ocm000692555 | ||
| 003 | TR-IsHL | ||
| 005 | 20201028132314.0 | ||
| 008 | 131030s2009 tu tur | ||
| 007 | cr cn | ||
| 035 |
_a692555 _b(N$T) |
||
| 050 | 0 | 4 |
_aPL248.O95 _bA3 2009 |
| 090 | 0 | 4 |
_aPL248.O95 _bA3 2009 |
| 100 | 1 | _aÖzkılınç, Güney | |
| 245 | 1 | 0 |
_aAğustos baladı _h[electronic resource] / _cGüney Özkılınç |
| 260 |
_aİstanbul : _bSiyah Beyaz Yayınları, _c2009 |
||
| 300 | _a68 p. | ||
| 650 | 4 | _aDil ve Edebiyat | |
| 650 | 4 | _aLanguage and Literature | |
| 650 | 0 | _aTürk şiiri | |
| 650 | 0 | _aTurkish poetry | |
| 650 | 7 |
_aLITERARY COLLECTIONS / Middle Eastern _2bisacsh |
|
| 856 | 4 | 0 | _uhttp://search.ebscohost.com/login.aspx?direct=true&scope=site&db=e011xww&AN=692555 |
| 999 |
_c5022 _d5022 |
||